[Event "Flint (Class A/2)"]
[Site "?"]
[Date "1990.??.??"]
[Round "?"]
[White "Smith, Daryn"]
[Black "Smith, Michael R"]
[Result "1-0"]
[WhiteElo "1830"]
[BlackElo "1935"]
[PlyCount "49"]
[EventDate "1990.??.??"]

1. c4 e6 2. Nc3 d5 3. cxd5 exd5 4. g3 Nf6 5. Bg2 c6 6. Nf3 d4 7. Nb1 c5 8. O-O
Nc6 9. Na3 Be7 10. b3 O-O 11. Bb2 Rb8 12. Nc4 b5 13. Nce5 Bb7 14. Nd3 c4 15.
Nf4 h6 16. h4 Qb6 17. Rb1 Qc5 18. bxc4 bxc4 19. Qc2 g5 20. hxg5 hxg5 21. Ng6
fxg6 22. Qxg6+ Kh8 23. Nxg5 Ne5 24. Qh6+ Kg8 25. Ne6 1-0

[Event "Flint (Class A/4)"]
[Site "?"]
[Date "1990.??.??"]
[Round "?"]
[White "Smith, Daryn"]
[Black "Krevinko, S."]
[Result "1/2-1/2"]
[WhiteElo "1830"]
[BlackElo "1960"]
[PlyCount "110"]
[EventDate "1990.??.??"]

1. c4 Nf6 2. Nc3 g6 3. d4 Bg7 4. e4 d6 5. Nf3 O-O 6. Bd3 e5 7. dxe5 dxe5 8. O-O
Re8 9. Bg5 c6 10. Qe2 Qc7 11. Rad1 Na6 12. a3 Nc5 13. Bc2 a5 14. Rd2 Ne6 15.
Be3 Ng4 16. Rfd1 Nxe3 17. Qxe3 Nd4 18. Ne2 c5 19. b3 Bg4 20. Nfxd4 exd4 21. Qg5
Bxe2 22. Rxe2 Rad8 23. Bd3 Re5 24. Qg3 Qe7 25. f4 Rh5 26. Rf1 Re8 27. Qf3 Bh6
28. g4 Rh4 29. Qg3 g5 30. f5 Bg7 31. h3 Be5 32. Qf3 f6 33. Kg2 Bd6 34. Bb1 Qe5
35. Rh1 b6 36. a4 Kg7 37. Bd3 Rh8 38. Kf1 h5 39. Rg2 hxg4 40. Rxg4 Rxg4 41.
Qxg4 Rh4 42. Qg2 Qf4+ 43. Qf2 Qe5 44. Kg2 Qe8 45. Qc2 Qh8 46. Be2 Rf4 47. Bf3
Qh4 48. Qf2 Qh8 49. Qe2 Rh4 50. Bg4 Bf4 51. Rd1 Qe8 52. Qf3 Bc7 53. Kf2 Qe5 54.
Ke2 Rh8 55. Kd3 Qg3 1/2-1/2

[Event "Detroit (MI Op/7/35)"]
[Site "?"]
[Date "1990.??.??"]
[Round "?"]
[White "Smith, Daryn"]
[Black "Croel, Duane"]
[Result "1/2-1/2"]
[WhiteElo "1890"]
[BlackElo "1830"]
[PlyCount "104"]
[EventDate "1990.??.??"]

{7/(35)} 1. c4 Nf6 2. Nc3 g6 3. g3 Bg7 4. Bg2 c5 5. e3 O-O 6. Nge2 Nc6 7. O-O
d6 8. d3 Bd7 9. Qd2 Qc8 10. Nf4 Ne5 11. b3 Nh5 12. Ncd5 Re8 13. d4 Nxf4 14.
Nxf4 Nc6 15. Bb2 e5 16. dxe5 dxe5 17. Nd5 Bh3 18. Bxh3 Qxh3 19. Qe2 e4 20. Bxg7
Kxg7 21. f4 exf3 22. Qxf3 Rf8 23. Qf6+ Kg8 24. Rf4 Qe6 25. Qc3 Qe5 26. Qxe5
Nxe5 27. Nf6+ Kg7 28. Raf1 Rad8 29. Rh4 h6 30. Re4 Nc6 31. Nd5 Rfe8 32. Ref4
Rf8 33. g4 g5 34. Rf5 Rde8 35. h4 gxh4 36. Kh2 Ne5 37. Kh3 Ng6 38. Re1 Re4 39.
Nf6 Re6 40. Nh5+ Kh7 41. Rxc5 Rfe8 42. Kg2 Rxe3 43. Rf1 h3+ 44. Kg1 R8e7 45.
Rc8 f5 46. Rxf5 Re1+ 47. Kh2 R7e2+ 48. Kxh3 Re3+ 49. Ng3 Ne7 50. Rc7 Rg1 51.
Rf7+ Kg6 52. Rcxe7 Rexg3+ 1/2-1/2

[Event "Detroit (MI Op/2/31)"]
[Site "?"]
[Date "1990.??.??"]
[Round "?"]
[White "Smith, Daryn"]
[Black "Chehayeb, Sal"]
[Result "0-1"]
[WhiteElo "1890"]
[BlackElo "2140"]
[PlyCount "100"]
[EventDate "1990.??.??"]

{2/(31)} 1. e4 c5 2. Nf3 d6 3. Nc3 g6 4. Be2 Bg7 5. O-O Nc6 6. d3 e6 7. Rb1
Nge7 8. Bf4 Nd4 9. Qd2 h6 10. h3 Nec6 11. Rfd1 e5 12. Be3 Nxe2+ 13. Nxe2 Nd4
14. Nh2 f5 15. c3 Ne6 16. exf5 gxf5 17. f4 b6 18. d4 e4 19. dxc5 dxc5 20. Qd5
Qxd5 21. Rxd5 Nc7 22. Rd2 Ba6 23. Ng3 Bd3 24. Re1 O-O 25. Nh5 Bh8 26. g4 Nd5
27. Rg2 Kh7 28. g5 Kg6 29. gxh6+ Kxh5 30. Rg5+ Kxh6 31. Ng4+ fxg4 32. Rxd5 gxh3
33. Kh2 Bc4 34. Rd6+ Rf6 35. Rxf6+ Bxf6 36. b3 Bf7 37. c4 Rd8 38. Kxh3 Rd3 39.
Kg4 Bd4 40. Bc1 e3 41. Rh1+ Kg7 42. Kf3 b5 43. Rg1+ Kf6 44. cxb5 Bh5+ 45. Ke4
Rd2 46. a4 Bg6+ 47. Kf3 Rf2+ 48. Kg3 e2 49. Re1 Rf1 50. Bd2 Bf2+ 0-1

[Event "Detroit (MI Op/3/41)"]
[Site "?"]
[Date "1990.??.??"]
[Round "?"]
[White "Smith, Daryn"]
[Black "Balkany, A."]
[Result "0-1"]
[WhiteElo "1890"]
[BlackElo "1955"]
[PlyCount "28"]
[EventDate "1990.??.??"]

{3/(41)} 1. e4 Nf6 2. Nc3 e5 3. Bc4 Nc6 4. Nf3 Nxe4 5. Bxf7+ Kxf7 6. Nxe4 d5 7.
Neg5+ Kg8 8. d4 h6 9. Nh3 Bg4 10. Qd2 Bxf3 11. gxf3 Nxd4 12. Qd3 Qf6 13. f4 e4
14. Qc3 Bb4 0-1

[Event "Lansing (MI Am/2/18)"]
[Site "?"]
[Date "1990.??.??"]
[Round "?"]
[White "Smeltzer, P."]
[Black "Smith, David"]
[Result "0-1"]
[WhiteElo "1605"]
[BlackElo "1875"]
[PlyCount "72"]
[EventDate "1990.??.??"]

{2/(18)} 1. e4 c6 2. d4 d5 3. Nc3 dxe4 4. Nxe4 Bf5 5. f3 Nd7 6. Bf4 Ngf6 7. Bd3
Nd5 8. Qe2 Bxe4 9. Qxe4 N7f6 10. Qe5 Nxf4 11. Qxf4 Nd5 12. Qd2 e6 13. a3 Bd6
14. Ne2 Qc7 15. c4 Nf4 16. c5 Nxd3+ 17. Qxd3 Bxh2 18. O-O-O O-O-O 19. Rdf1 Bf4+
20. Kb1 h6 21. Rh3 Rd7 22. g3 Bg5 23. f4 Bf6 24. g4 Rhd8 25. g5 hxg5 26. fxg5
Bxg5 27. Qc3 Bf6 28. Rd1 e5 29. Rhd3 exd4 30. Nxd4 Qf4 31. Rf3 Qe4+ 32. Ka2
Rxd4 33. Rxd4 Rxd4 34. Rf1 Rd3 35. Qc1 Qd5+ 36. Kb1 Rd2 0-1

[Event "Lansing (MI Am/5/22)"]
[Site "?"]
[Date "1990.??.??"]
[Round "?"]
[White "Smeltzer, P."]
[Black "Lubben, Don"]
[Result "1-0"]
[WhiteElo "1605"]
[BlackElo "1840"]
[PlyCount "103"]
[EventDate "1990.??.??"]

{5/(22)} 1. e4 e6 2. d4 d5 3. Nc3 Bb4 4. Bd3 dxe4 5. Bxe4 Nf6 6. Bf3 Nd5 7.
Nge2 c6 8. O-O Nd7 9. Nxd5 cxd5 10. c3 Bd6 11. Nf4 Nf6 12. Re1 O-O 13. g3 b5
14. a3 a5 15. Bd2 Qb6 16. Nh5 Nxh5 17. Bxh5 Ra7 18. h4 b4 19. axb4 axb4 20. Qb3
Rxa1 21. Rxa1 Bd7 22. Kg2 Rb8 23. cxb4 Qxd4 24. Bc3 Qb6 25. Be2 e5 26. Ra6 Qd8
27. Rxd6 Bh3+ 28. Kxh3 Qxd6 29. b5 d4 30. Bb4 Qf6 31. f3 Qf5+ 32. Kg2 h5 33.
Bd3 Qf6 34. Qc2 Rd8 35. Qc7 Re8 36. Qd7 Rd8 37. Qc7 Re8 38. Be4 g5 39. hxg5
Qxg5 40. b6 h4 41. Be1 hxg3 42. Bxg3 Qd2+ 43. Kf1 Qh6 44. Kg2 Qd2+ 45. Kf1 Qxb2
46. Bc6 Qc1+ 47. Be1 Qc4+ 48. Kg1 Qe2 49. Bf2 Qd1+ 50. Kg2 Qc2 51. Bxe8 Qxc7
52. bxc7 1-0

[Event "Detroit (RVO/4)"]
[Site "?"]
[Date "1990.??.??"]
[Round "?"]
[White "Smeltzer, P."]
[Black "Elliott, J."]
[Result "0-1"]
[WhiteElo "1605"]
[BlackElo "1605"]
[PlyCount "48"]
[EventDate "1990.??.??"]

1. e4 e5 2. Nf3 Nc6 3. Bc4 g5 4. d3 h6 5. Be3 g4 6. Nfd2 f5 7. exf5 d5 8. Qxg4
Qf6 9. Bxd5 Bxf5 10. Qa4 Nge7 11. Nc3 Nxd5 12. Nxd5 Qd6 13. Qb3 b6 14. O-O-O
O-O-O 15. Nc4 Qxd5 16. a4 Nb4 17. Bd2 a5 18. Kb1 Bc5 19. f4 Nxd3 20. Bc3 Nb4
21. Rd2 Bxc2+ 22. Rxc2 Nxc2 23. Qb5 Nb4 24. Bxe5 Qd1+ 0-1

[Event "Detroit (RVO/2)"]
[Site "?"]
[Date "1990.??.??"]
[Round "?"]
[White "Smeltzer, P."]
[Black "Edens, Samuel"]
[Result "0-1"]
[WhiteElo "1605"]
[BlackElo "1605"]
[PlyCount "110"]
[EventDate "1990.??.??"]

1. e4 d6 2. d4 Nc6 3. Nc3 g6 4. Be3 Bg7 5. Bc4 e6 6. Nf3 Nge7 7. Qd2 d5 8. exd5
Nxd5 9. Nxd5 exd5 10. Bb3 Be6 11. O-O-O O-O 12. Ng5 Nxd4 13. Nxe6 Nxb3+ 14.
axb3 fxe6 15. h4 Qf6 16. c3 Rac8 17. h5 gxh5 18. Rxh5 c5 19. Rdh1 d4 20. Bg5
Qxf2 21. Qxf2 Rxf2 22. Bd2 Rxg2 23. Rxh7 Rg1+ 24. Rxg1 Kxh7 25. Kb1 Kg8 26. Bf4
Rf8 27. Bd6 Rf5 28. b4 cxb4 29. cxd4 Kf7 30. Bxb4 Bxd4 31. Rh1 Rf4 32. Rh7+ Bg7
33. Bd2 Rf1+ 34. Kc2 Rf2 35. Kd1 Kg6 36. Rh3 Bxb2 37. Rb3 Bd4 38. Rxb7 e5 39.
Rb3 Kf5 40. Ke1 e4 41. Be3 Bxe3 42. Rxe3 Rb2 43. Ra3 Rb7 44. Ke2 Kf4 45. Ra4
Rb2+ 46. Ke1 Ke3 47. Ra3+ Kf4 48. Rxa7 Rb1+ 49. Ke2 Rb2+ 50. Ke1 Kf3 51. Ra3+
e3 52. Kd1 Kf2 53. Kc1 Rb4 54. Ra1 e2 55. Kd2 Re4 0-1

[Event "Lansing (MI Am/4/35)"]
[Site "?"]
[Date "1990.??.??"]
[Round "?"]
[White "Smeltzer, P."]
[Black "Brayton, D."]
[Result "1-0"]
[WhiteElo "1605"]
[BlackElo "1605"]
[PlyCount "59"]
[EventDate "1990.??.??"]

{4/(35)} 1. e4 c5 2. b4 d6 3. b5 Nf6 4. Nc3 e5 5. Be2 Be6 6. Nf3 Be7 7. h3 a6
8. a4 O-O 9. Bb2 Nbd7 10. Ng5 Nb6 11. Nxe6 fxe6 12. bxa6 bxa6 13. a5 Nbd7 14.
Bc4 Kh8 15. Qe2 Rb8 16. Bc1 d5 17. exd5 Nxd5 18. Nxd5 exd5 19. Bxd5 Rb5 20. Bc6
Rxa5 21. Rxa5 Qxa5 22. Bxd7 Qa1 23. O-O Qd4 24. Bg4 a5 25. c3 Qd6 26. Qe4 Rf4
27. Qc2 c4 28. g3 Rf7 29. Qa4 Qc5 30. Be6 1-0

[Event "Detroit (MOR/1b/16)"]
[Site "?"]
[Date "1990.??.??"]
[Round "?"]
[White "Smeckert, Dennis"]
[Black "Wanshon, Kevin"]
[Result "0-1"]
[WhiteElo "1605"]
[BlackElo "1640"]
[PlyCount "80"]
[EventDate "1990.??.??"]

1. e4 e5 2. Nf3 Nc6 3. Bb5 a6 4. Bxc6 dxc6 5. O-O Bg4 6. d4 exd4 7. Qd3 c5 8.
Nbd2 b5 9. b3 Nf6 10. Ne5 Qc8 11. f4 Bd6 12. Nxf7 Kxf7 13. e5 Bf5 14. Qf3 Be7
15. exf6 gxf6 16. Ne4 Bg4 17. Qf2 Qf5 18. Ng3 Qd5 19. h3 Bd7 20. f5 Rhg8 21.
Bh6 Bc6 22. Qe2 Bd6 23. Rae1 Qxg2+ 24. Qxg2 Bxg2 25. Kxg2 Bxg3 26. Kf3 Bxe1 27.
Rxe1 Rae8 28. Rxe8 Rxe8 29. Bf4 c4 30. bxc4 bxc4 31. Bxc7 d3 32. cxd3 cxd3 33.
Bf4 Rc8 34. Bd2 Rc2 35. Ke3 Rxa2 36. Kxd3 Ra3+ 37. Bc3 Kg7 38. h4 Kh6 39. Kc4
Rxc3+ 40. Kxc3 Kh5 0-1

[Event "Detroit (RVO/1)"]
[Site "?"]
[Date "1990.??.??"]
[Round "?"]
[White "Smeckert, Dennis"]
[Black "Turner, P."]
[Result "0-1"]
[WhiteElo "1605"]
[BlackElo "1815"]
[PlyCount "88"]
[EventDate "1990.??.??"]

1. e4 c5 2. Nf3 e6 3. d4 cxd4 4. Nxd4 Nf6 5. Nc3 d6 6. Bg5 a6 7. Qd2 Be7 8. Be3
Ng4 9. h3 Nxe3 10. Qxe3 Nd7 11. O-O-O Qc7 12. f4 h6 13. Nf3 b6 14. g4 Bb7 15.
f5 O-O-O 16. fxe6 fxe6 17. Bd3 Ne5 18. Kb1 Nxf3 19. Qxf3 Rhf8 20. Qe2 b5 21.
Rhf1 Bf6 22. Qf3 Qe7 23. Nxb5 axb5 24. Qe3 Bc6 25. a4 Qb7 26. axb5 Bxb5 27.
Bxb5 Qxb5 28. c3 Qc5 29. Qxc5+ dxc5 30. Rxd8+ Rxd8 31. Rf3 Kc7 32. Kc2 e5 33.
b3 Ra8 34. c4 Ra2+ 35. Kc3 Ra6 36. Rd3 Rd6 37. Rd5 Rxd5 38. cxd5 Kb6 39. Kc4
Be7 40. Kd3 Kb5 41. Kc3 g5 42. Kb2 Kb4 43. Kc2 c4 44. bxc4 Kxc4 0-1

[Event "Detroit (MOR/7/39)"]
[Site "?"]
[Date "1990.??.??"]
[Round "?"]
[White "Smeckert, Dennis"]
[Black "Sturgis, Derreck"]
[Result "1/2-1/2"]
[WhiteElo "1605"]
[BlackElo "1605"]
[PlyCount "85"]
[EventDate "1990.??.??"]

{7/(39)} 1. e4 c5 2. Nf3 d6 3. d4 cxd4 4. Nxd4 Nf6 5. Nc3 a6 6. Bd3 e6 7. O-O
b5 8. Qf3 Bb7 9. Bg5 Nbd7 10. Qe2 Be7 11. Rae1 O-O 12. a3 d5 13. e5 Ne8 14. Bd2
Bc5 15. Qh5 g6 16. Qg4 Bxd4 17. Qxd4 f6 18. Bh6 Rf7 19. exf6 e5 20. Qh4 Nexf6
21. f4 e4 22. Be2 d4 23. Nb1 Rc8 24. f5 Nd5 25. Qxd8+ Rxd8 26. fxg6 hxg6 27.
Rxf7 Kxf7 28. Bg4 N5f6 29. Bxd7 Rxd7 30. Nd2 d3 31. c3 Ng4 32. Bf4 Re7 33. h3
e3 34. hxg4 exd2 35. Bxd2 Rxe1+ 36. Bxe1 Kf6 37. Bd2 Ke5 38. Kf2 Kd5 39. b4 Kc4
40. g3 Kb3 41. Ke3 Kc4 42. g5 Bc8 43. Be1 1/2-1/2

[Event "Flint (Class DEU/3)"]
[Site "?"]
[Date "1990.??.??"]
[Round "?"]
[White "Smeckert, Dennis"]
[Black "Pope, Nick"]
[Result "0-1"]
[WhiteElo "1605"]
[BlackElo "1605"]
[PlyCount "56"]
[EventDate "1990.??.??"]

1. e4 e6 2. d4 d5 3. exd5 exd5 4. Bd3 Nf6 5. Ne2 Bd6 6. Nbc3 c6 7. Bg5 Nbd7 8.
Bf5 Nf8 9. Bxc8 Rxc8 10. Qd3 Ne6 11. Bxf6 Qxf6 12. Qe3 O-O 13. O-O Rfe8 14. Qd3
Nf4 15. Nxf4 Bxf4 16. Ne2 Bc7 17. Ng3 Re6 18. Nf5 g6 19. Ne3 Rce8 20. Rae1 h5
21. b3 Qd8 22. f4 Qd6 23. Rf3 Re4 24. g3 Bb6 25. c3 c5 26. Ref1 cxd4 27. f5
Rxe3 28. Rxe3 Rxe3 0-1

[Event "Detroit (MOR/3/51)"]
[Site "?"]
[Date "1990.??.??"]
[Round "?"]
[White "Smeckert, Dennis"]
[Black "Nicolli, Randy"]
[Result "1/2-1/2"]
[WhiteElo "1605"]
[BlackElo "1605"]
[PlyCount "63"]
[EventDate "1990.??.??"]

{3/(51)} 1. e4 e5 2. Nf3 Nc6 3. Bb5 a6 4. Bxc6 dxc6 5. O-O Nf6 6. Nxe5 Bd6 7.
Nf3 Bg4 8. Re1 Bxf3 9. Qxf3 Be5 10. c3 c5 11. d3 O-O 12. Bg5 Qd6 13. g3 Rad8
14. Rd1 h6 15. Bxf6 Bxf6 16. Na3 b5 17. Qe2 Rd7 18. f4 Qb6 19. Kg2 Rfd8 20. Rd2
g5 21. f5 Be5 22. Nc2 Rd6 23. Rad1 b4 24. d4 bxc3 25. bxc3 cxd4 26. cxd4 Bxd4
27. h4 Be5 28. Rxd6 Rxd6 29. Rxd6 Qxd6 30. hxg5 hxg5 31. g4 c5 32. Ne3 1/2-1/2

[Event "Lansing (MI Am/3/39)"]
[Site "?"]
[Date "1990.??.??"]
[Round "?"]
[White "Smeckert, Dennis"]
[Black "Neely, Richard"]
[Result "0-1"]
[WhiteElo "1605"]
[BlackElo "1605"]
[PlyCount "34"]
[EventDate "1990.??.??"]

{3/(39)} 1. e4 e6 2. d4 d5 3. exd5 exd5 4. Bd3 Nf6 5. Nc3 c5 6. Qe2+ Be6 7.
dxc5 Bxc5 8. Bg5 O-O 9. O-O-O Nbd7 10. Bb5 Nb6 11. Ne4 Be7 12. Nxf6+ Bxf6 13.
Bxf6 Qxf6 14. Qf3 Qg5+ 15. Kb1 Bg4 16. Qg3 Qf5 17. h3 Bxd1 0-1

[Event "Detroit (MOR/5/50)"]
[Site "?"]
[Date "1990.??.??"]
[Round "?"]
[White "Smeckert, Dennis"]
[Black "Mech, R."]
[Result "1-0"]
[WhiteElo "1605"]
[BlackElo "1605"]
[PlyCount "41"]
[EventDate "1990.??.??"]

{5/(50)} 1. e4 e6 2. d4 c5 3. Nf3 d5 4. exd5 exd5 5. c3 Nc6 6. Bb5 Nf6 7. O-O
Be7 8. Bxc6+ bxc6 9. dxc5 O-O 10. Be3 Bg4 11. h3 Bh5 12. Nbd2 Rb8 13. Qc2 Re8
14. Ne5 Qc7 15. f4 Nd7 16. b4 Nxe5 17. fxe5 Qxe5 18. Bf4 Qe6 19. Bxb8 Rxb8 20.
Rae1 Qd7 21. Nb3 1-0

[Event "Lansing (MI Am/4/44)"]
[Site "?"]
[Date "1990.??.??"]
[Round "?"]
[White "Smeckert, Dennis"]
[Black "Kempner, R."]
[Result "1/2-1/2"]
[WhiteElo "1605"]
[BlackElo "1605"]
[PlyCount "56"]
[EventDate "1990.??.??"]

{4/(44)} 1. e4 g6 2. Nc3 Bg7 3. d4 c6 4. Bc4 b5 5. Bb3 b4 6. Nce2 d5 7. e5 Bg4
8. h3 Bxe2 9. Qxe2 e6 10. Bd2 a5 11. c3 Qb6 12. Ba4 Ne7 13. c4 O-O 14. c5 Qb7
15. Nf3 f6 16. exf6 Rxf6 17. Bg5 Rf7 18. Qxe6 Nf5 19. Ne5 Nxd4 20. Qxf7+ Qxf7
21. Nxf7 Kxf7 22. O-O Nd7 23. Rac1 Ne2+ 24. Kh1 Nxc1 25. Rxc1 Bxb2 26. Bxc6
Bxc1 27. Bxd5+ Kg7 28. Bxa8 Bxg5 1/2-1/2

[Event "Detroit (RVO/4)"]
[Site "?"]
[Date "1990.??.??"]
[Round "?"]
[White "Smeckert, Dennis"]
[Black "Kellogg, S."]
[Result "0-1"]
[WhiteElo "1605"]
[BlackElo "1605"]
[PlyCount "46"]
[EventDate "1990.??.??"]

1. e4 Nf6 2. d3 g6 3. Nf3 Bg7 4. Be3 d6 5. h3 O-O 6. Be2 Nxe4 7. c3 Nf6 8. O-O
c5 9. Qd2 Nc6 10. Bh6 Bh8 11. Bxf8 Qxf8 12. Na3 a6 13. Nc2 e5 14. Qd1 d5 15.
Re1 Be6 16. Bf1 Nd7 17. b4 b6 18. Rb1 d4 19. c4 b5 20. cxb5 axb5 21. a3 Nb6 22.
Qd2 Na4 23. g3 Nc3 {[Remainder illegible; 0-1, 46]} 0-1

[Event "Flint (Class DEU/1)"]
[Site "?"]
[Date "1990.??.??"]
[Round "?"]
[White "Smeckert, Dennis"]
[Black "Hogaboom, L."]
[Result "1-0"]
[WhiteElo "1605"]
[BlackElo "1665"]
[PlyCount "83"]
[EventDate "1990.??.??"]

1. e4 e5 2. Nf3 Nf6 3. d3 g6 4. Bg5 Nc6 5. c3 d6 6. Be2 h6 7. Bh4 g5 8. Bg3 Nh5
9. Nxe5 Nxe5 10. Bxh5 Bd7 11. Qb3 Bg7 12. Bxe5 Be6 13. Qxe6+ Qe7 14. Qxe7+ Kxe7
15. Bxg7 Rhg8 16. Bd4 Raf8 17. Nd2 Kd7 18. O-O-O Kc8 19. Bxa7 f5 20. exf5 g4
21. Bg6 Rg7 22. Rde1 Kd8 23. Re4 h5 24. Rhe1 Kd7 25. Bd4 Rgg8 26. Bxh5 Rxf5 27.
Bxg4 Rgf8 28. Bxf5+ Rxf5 29. g4 Ra5 30. a3 c5 31. Bf6 Kc6 32. g5 Kb5 33. g6 d5
34. Re8 Ka4 35. g7 b5 36. g8=Q b4 37. Ra8 bxc3 38. Rxa5+ Kxa5 39. Bxc3+ Kb5 40.
Re6 d4 41. Qb8+ Ka4 42. Ra6# 1-0

[Event "Flint (Class DEU/5)"]
[Site "?"]
[Date "1990.??.??"]
[Round "?"]
[White "Smeckert, Dennis"]
[Black "Ellis, P."]
[Result "0-1"]
[WhiteElo "1605"]
[BlackElo "1605"]
[PlyCount "38"]
[EventDate "1990.??.??"]

1. e4 e5 2. Nf3 Nc6 3. Bb5 a6 4. Bxc6 dxc6 5. O-O Bd6 6. c3 Be6 7. d4 f6 8.
dxe5 fxe5 9. Nxe5 Qh4 10. Nf3 Qh5 11. Qd4 Ne7 12. Bg5 Bxh2+ 13. Nxh2 Qxg5 14.
f4 Qf6 15. Qxf6 gxf6 16. Nd2 O-O-O 17. Rad1 Bxa2 18. b3 Rd3 19. Ng4 Rhd8 {
[Remainder of score illegible]} 0-1

[Event "Lansing (Feb)"]
[Site "?"]
[Date "1990.??.??"]
[Round "?"]
[White "Smeckert, Dennis"]
[Black "Asbury, Victor"]
[Result "0-1"]
[WhiteElo "1605"]
[BlackElo "1605"]
[PlyCount "52"]
[EventDate "1990.??.??"]

1. e4 c5 2. Nf3 Nc6 3. d4 cxd4 4. Nxd4 Qb6 5. Nb3 g6 6. Be3 Qc7 7. Nc3 Bg7 8.
Qd2 e6 9. Nb5 Qd8 10. Nd6+ Kf8 11. c3 Nf6 12. Bf4 e5 13. Nxc8 Rxc8 14. Bg5 Nxe4
15. Bxd8 Nxd2 16. Nxd2 Rxd8 17. Bd3 Bh6 18. O-O-O Kg7 19. Kc2 Rhe8 20. Rhe1 d5
21. Bb5 Rc8 22. Nf3 e4 23. Nd4 a6 24. Ba4 f5 25. Nxf5+ gxf5 26. Rxd5 Nb4+ 0-1

[Event "Lansing (MI Am/3/24)"]
[Site "?"]
[Date "1990.??.??"]
[Round "?"]
[White "Smalec, John"]
[Black "Jensen, D."]
[Result "1/2-1/2"]
[WhiteElo "1755"]
[BlackElo "1605"]
[PlyCount "100"]
[EventDate "1990.??.??"]

{3/(24)} 1. d4 d5 2. c4 e6 3. Nc3 Nf6 4. Nf3 c5 5. cxd5 exd5 6. dxc5 Bxc5 7. e3
Nc6 8. Be2 O-O 9. O-O Bf5 10. Bd3 Bxd3 11. Qxd3 Ne4 12. Rd1 Nxc3 13. Qxc3 Bb6
14. b3 Rc8 15. Bb2 f6 16. Qd2 Ne7 17. Ba3 Rf7 18. Rac1 Rxc1 19. Rxc1 Nc6 20.
Rd1 Rd7 21. Bb2 Qe8 22. Nd4 Nxd4 23. Bxd4 Bxd4 24. Qxd4 b6 25. e4 Kf7 26. Kf1
Qe5 27. Qxe5 fxe5 28. exd5 Ke7 29. Ke2 Kd6 30. Kd3 Rc7 31. Rd2 Rc5 32. Ke4 a5
33. h4 b5 34. g4 b4 35. Kf5 Rxd5 36. Rxd5+ Kxd5 37. h5 Kd6 38. g5 Kd5 39. h6
gxh6 40. gxh6 Kd6 41. Kf6 e4 42. Kf5 Kd5 43. Kf4 Kd4 44. Kf5 Kd5 45. Kf6 Kd6
46. Kf7 Kd7 47. Kg8 Ke8 48. Kh8 Kf8 49. Kxh7 Kf7 50. Kh8 Kf8 1/2-1/2

[Event "Lansing (MI Am/5/18)"]
[Site "?"]
[Date "1990.??.??"]
[Round "?"]
[White "Smalec, John"]
[Black "Griffin, John"]
[Result "1/2-1/2"]
[WhiteElo "1755"]
[BlackElo "1610"]
[PlyCount "100"]
[EventDate "1990.??.??"]

{5/(18)} 1. d4 e6 2. e4 b6 3. Nf3 d5 4. Bb5+ c6 5. Bd3 dxe4 6. Bxe4 Nf6 7. Bg5
Be7 8. Bd3 h6 9. Bxf6 Bxf6 10. c3 Bb7 11. Nbd2 Nd7 12. Qe2 Qe7 13. O-O c5 14.
dxc5 Nxc5 15. Bb5+ Nd7 16. Rad1 O-O 17. Ne4 Rfd8 18. Rxd7 Rxd7 19. Nxf6+ gxf6
20. Bxd7 Qxd7 21. Rd1 Qc7 22. Rd4 Rd8 23. Rxd8+ Qxd8 24. Qd2 Qf8 25. Qf4 Bxf3
26. Qxf3 Qd8 27. Qe2 Qd5 28. c4 Qf5 29. Qd1 Qc5 30. b3 f5 31. h3 b5 32. cxb5
Qxb5 33. Qd8+ Kh7 34. Qc7 Kg6 35. Qxa7 Qe2 36. Qa5 h5 37. Qa7 Qd1+ 38. Kh2 Qd6+
39. g3 f4 40. h4 fxg3+ 41. fxg3 Qd2+ 42. Kg1 Qd1+ 43. Kg2 Qd5+ 44. Kg1 Qd1+ 45.
Kg2 Qd5+ 46. Kf2 Qd2+ 47. Kf3 Qd1+ 48. Kg2 Qd5+ 49. Kg1 Qd1+ 50. Kg2 Qd5+
1/2-1/2

[Event "Lansing (MI Am/1/35)"]
[Site "?"]
[Date "1990.??.??"]
[Round "?"]
[White "Smalec, John"]
[Black "Crimmins, M."]
[Result "1-0"]
[WhiteElo "1755"]
[BlackElo "1605"]
[PlyCount "73"]
[EventDate "1990.??.??"]

{1/(35)} 1. d4 Nf6 2. c4 g6 3. Nc3 d5 4. g3 Bg7 5. Nf3 O-O 6. Bg2 Re8 7. Ne5
Be6 8. O-O Nbd7 9. f4 Nb6 10. b3 c6 11. a4 a5 12. c5 Nbd7 13. Ba3 Nb8 14. e3
Na6 15. g4 Qc8 16. h3 h5 17. Bf3 hxg4 18. hxg4 Nb8 19. Ra2 Nbd7 20. Rh2 Nxe5
21. fxe5 Nxg4 22. Bxg4 Bxg4 23. Qe1 Bh5 24. Qf2 Rf8 25. e4 dxe4 26. Nxe4 Qg4+
27. Qg2 Qxg2+ 28. Kxg2 e6 29. Ng3 Bg4 30. Bc1 f6 31. Rh4 f5 32. Bg5 Kf7 33.
Rxg4 Ke8 34. Rh4 Kd7 35. Rh7 Rf7 36. Ne4 Raf8 37. Nd6 1-0

[Event "Detroit (RVO/2)"]
[Site "?"]
[Date "1990.??.??"]
[Round "?"]
[White "Slattery, R."]
[Black "Mohammed, Azziem"]
[Result "0-1"]
[WhiteElo "1605"]
[BlackElo "1685"]
[PlyCount "22"]
[EventDate "1990.??.??"]

1. e4 b6 2. Nf3 Bb7 3. Bd3 Nf6 4. e5 Nd5 5. Be4 Ne3 6. Qe2 Nxg2+ 7. Kf1 Nf4 8.
Qe3 Nd5 9. c4 Nxe3+ 10. fxe3 Bxe4 11. Ng5 Bxh1 0-1

[Event "Flint (Class A/1)"]
[Site "?"]
[Date "1990.??.??"]
[Round "?"]
[White "Skidmore, Mike"]
[Black "Vandivier, Don"]
[Result "0-1"]
[WhiteElo "1910"]
[BlackElo "1940"]
[PlyCount "68"]
[EventDate "1990.??.??"]

1. e4 c5 2. Nf3 e6 3. b3 g6 4. Bb2 Nf6 5. Nc3 Bg7 6. e5 Ng4 7. Ne4 O-O 8. h3 d5
9. Nxc5 Qc7 10. Nd3 Nh6 11. Nf4 d4 12. Bxd4 Nc6 13. Bc5 Nxe5 14. Bxf8 Nxf3+ 15.
Qxf3 Qe5+ 16. Be2 Qxa1+ 17. Bd1 Qe5+ 18. Qe3 Kxf8 19. O-O Nf5 20. Qd3 Nd4 21.
g3 Bd7 22. c3 Qb5 23. Qe3 Nf5 24. Qe2 Rd8 25. c4 Qe5 26. Re1 Qxe2 27. Bxe2 Bc6
28. g4 Nh4 29. Rd1 Bh6 30. Nd3 Bf3 31. Nc1 Rxd2 32. Rxd2 Bxd2 33. Bxf3 Nxf3+
34. Kg2 Nh4+ 0-1

[Event "Lansing (Feb)"]
[Site "?"]
[Date "1990.??.??"]
[Round "?"]
[White "Skidmore, Mike"]
[Black "Triplett, Thomas"]
[Result "1-0"]
[WhiteElo "1900"]
[BlackElo "1935"]
[PlyCount "77"]
[EventDate "1990.??.??"]

1. e4 c5 2. Nf3 d6 3. Bb5+ Bd7 4. Bxd7+ Nxd7 5. O-O Ngf6 6. Re1 g6 7. c3 Bg7 8.
d3 O-O 9. Nbd2 b5 10. Nf1 a5 11. Bd2 Qb6 12. Qc1 Rfc8 13. Bh6 b4 14. Bxg7 Kxg7
15. Ng3 h6 16. Nh4 e6 17. f4 Qd8 18. f5 Ng4 19. Nf3 Nge5 20. Qe3 Nxf3+ 21. gxf3
Qh4 22. fxe6 fxe6 23. Re2 Rf8 24. Rg2 Ne5 25. Rf1 Rf7 26. f4 Ng4 27. Qe1 Raf8
28. Nf5+ exf5 29. Qxh4 Ne3 30. Qg3 Nxg2 31. Qxg2 bxc3 32. bxc3 Rb8 33. exf5
Rxf5 34. Qc6 Rb2 35. Qxd6 Rh5 36. Re1 Rf5 37. Re7+ Rf7 38. Qe5+ Kg8 39. Qe6 1-0

[Event "Lansing (Jan)"]
[Site "?"]
[Date "1990.??.??"]
[Round "?"]
[White "Skidmore, Mike"]
[Black "Stefanski, Mark"]
[Result "0-1"]
[WhiteElo "1945"]
[BlackElo "1900"]
[PlyCount "68"]
[EventDate "1990.??.??"]

1. e4 c5 2. Nf3 Nc6 3. Bb5 a6 4. Bxc6 bxc6 5. O-O d5 6. Nc3 Bg4 7. h3 Bh5 8. g4
Bg6 9. d3 e6 10. Ne5 f6 11. Nxc6 Qc7 12. exd5 exd5 13. Re1+ Kd7 14. Nxd5 Qxc6
15. Qf3 Rc8 16. Bd2 Bd6 17. c4 Ne7 18. Qe3 Nxd5 19. Qe6+ Kd8 20. cxd5 Qd7 21.
Ba5+ Bc7 22. Qxa6 Qxd5 23. Re6 Kd7 24. Rae1 Be5 25. Rb6 Rhe8 26. Rb7+ Bc7 27.
Rxe8 Bxe8 28. Qb5+ Qc6 29. Qb3 Qd6 30. d4 cxd4 31. Qf3 d3 32. Qf5+ Ke7 33. Qxc8
Qh2+ 34. Kf1 Qh1# 0-1

[Event "Flint (Class A/4)"]
[Site "?"]
[Date "1990.??.??"]
[Round "?"]
[White "Skidmore, Mike"]
[Black "Smith, Michael R"]
[Result "1/2-1/2"]
[WhiteElo "1910"]
[BlackElo "1935"]
[PlyCount "142"]
[EventDate "1990.??.??"]

1. e4 e6 2. d4 d5 3. exd5 exd5 4. Bd3 Nc6 5. c3 Bd6 6. Nf3 Nge7 7. Qc2 Bg4 8.
Nbd2 Qd7 9. O-O O-O-O 10. b4 Ng6 11. b5 Nce7 12. a4 Nf4 13. Ba3 f6 14. c4 Bxf3
15. Nxf3 Bxa3 16. Rxa3 Nxg2 17. Bf5 Nxf5 18. Kxg2 Nxd4 19. Nxd4 Qg4+ 20. Kh1
Qxd4 21. cxd5 Qxd5+ 22. Kg1 Qd2 23. Qc4 Rd5 24. Rc1 Rg5+ 25. Rg3 Rxg3+ 26. hxg3
Qd6 27. a5 Re8 28. Qg4+ Qd7 29. Qf3 Qxb5 30. a6 Qxa6 31. Qg4+ Qe6 32. Qxg7 Qe7
33. Qg4+ Kb8 34. Qa4 c6 35. Ra1 b5 36. Qd4 c5 37. Qd5 Qe5 38. Qa2 Qc7 39. Qb2
Qb6 40. Rd1 a6 41. Qd2 Qc6 42. Qf4+ Kb7 43. f3 Qe6 44. Rd6 Qe1+ 45. Kg2 Qe2+
46. Kh3 Qf1+ 47. Kg4 h5+ 48. Kf5 Qh3+ 49. Kg6 Rg8+ 50. Kf7 Qxg3 51. Qe4+ Ka7
52. Qe7+ Kb8 53. Rb6+ Kc8 54. Qb7+ Kd8 55. Qb8+ Qxb8 56. Rxb8+ Kc7 57. Rxg8 c4
58. Kxf6 c3 59. Ke5 c2 60. Rg1 b4 61. Rc1 b3 62. Kd4 a5 63. Kc3 a4 64. Rf1 Kd6
65. f4 Ke6 66. Kb2 Kf5 67. Ra1 Kxf4 68. Rxa4+ Kg3 69. Rb4 h4 70. Rxb3+ Kg2 71.
Kxc2 h3 1/2-1/2